Statistics for Biggest Cities in Maryland on a Map

Click here to take the quiz!

General Stats

  • This quiz has been taken 490 times
  • The average score is 6 of 10

Answers on the Map

Answers color-coded by a green-red scale on the quiz's map according to % correct below.
 

Answer Stats

PopulationCity% Correct
620,961Baltimore
100%
65,239Frederick
72%
61,209Rockville
63%
71,452Silver Spring
59%
99,615Columbia
57%
86,395Germantown
53%
65,834Ellicott City
41%
67,639Glen Burnie
41%
63,597Dundalk
36%
67,752Waldorf
34%

Score Distribution

Percentile by Number Answered

Percent of People with Each Score

Your Score History

You have not taken this quiz